| 000 | 00400nam a2200133Ia 4500 | ||
|---|---|---|---|
| 008 | 210430s9999 xx 000 0 und d | ||
| 020 | _a0-471-26610-8 | ||
| 082 | _a530.1502 D813 N | ||
| 100 |
_aDaniel Dubin _954096 |
||
| 245 |
_aNumerical and Analytical Methods for Scientists and Engineers Using Mathmatica _cDaniel Dubin |
||
| 260 |
_aAmerica _bWilly _c2003 |
||
| 300 | _a633 p | ||
| 942 |
_cBK _2ddc |
||
| 999 |
_c564558 _d564558 |
||